Retrieving experience : (Record no. 115)
[ view plain ]
| 000 -LEADER | |
|---|---|
| fixed length control field | 00696cam a22002294a 4500 |
| 001 - CONTROL NUMBER | |
| control field | 12106770 |
| 005 - DATE AND TIME OF LATEST TRANSACTION | |
| control field | 20231201050654.0 |
| 008 - FIXED-LENGTH DATA ELEMENTS--GENERAL INFORMATION | |
| fixed length control field | 000714s2001 nyu b 001 0 eng |
| 020 ## - INTERNATIONAL STANDARD BOOK NUMBER | |
| ISBN | 0801433878 (cloth : alk. paper) |
| 020 ## - INTERNATIONAL STANDARD BOOK NUMBER | |
| ISBN | 0801484170 (pbk. : alk. paper) |
| 040 ## - CATALOGING SOURCE (பட்டியலாக்க மூலம்) | |
| Original cataloging agency | DLC |
| Transcribing agency | DLC |
| Modifying agency | DLC |
| 082 00 - DDC Classification | |
| Class No. | 305.42/01 |
| DDC Edition Number | 21 |
| Item Number - Author Mark | SON. |
| 100 1# - MAIN ENTRY--PERSONAL NAME | |
| Personal name | Kruks, Sonia. |
| 245 10 - TITLE STATEMENT | |
| Title | Retrieving experience : |
| Remainder of title | subjectivity and recognition in feminist politics / |
| Statement of responsibility, etc. | Sonia Kruks. |
| 260 ## - PUBLICATION, DISTRIBUTION, ETC. | |
| Place of publication, distribution, etc. | Ithaca : |
| Name of publisher, distributor, etc. | Cornell University Press, |
| Date of publication, distribution, etc. | 2001. |
| 300 ## - PHYSICAL DESCRIPTION | |
| Extent (e.g. Volumes, Pages etc.) | xii, 200 p. ; |
| 650 #0 - SUBJECT ADDED ENTRY--TOPICAL TERM | |
| Topical term or geographic name entry element | Feminist theory. |
| 650 #0 - SUBJECT ADDED ENTRY--TOPICAL TERM | |
| Topical term or geographic name entry element | Existential phenomenology. |
| 650 #0 - SUBJECT ADDED ENTRY--TOPICAL TERM | |
| Topical term or geographic name entry element | Subjectivity. |
| 650 #0 - SUBJECT ADDED ENTRY--TOPICAL TERM | |
| Topical term or geographic name entry element | Postmodernism. |
| 942 ## - Koha item type (Biblio) | |
| Koha item type | Books in Stacks (Lending) |
| Lost status | Damaged status | Collection code | Home library | Current library | Date acquired | Full call number | Accession Number | Item type |
|---|---|---|---|---|---|---|---|---|
| Lending | WERC Library | WERC Library | 12/01/2023 | 305.42/01 SON. | 4326 | Books in Stacks (Lending) |
